[Event "Challenge"]
[Site "http://www.queenalice.com/game.php?id=1822540"]
[Date "2023.10.7"]
[Round "-"]
[White "Wolle"]
[Black "dosoldini"]
[Result "1-0"]
[WhiteElo "1638"]
[BlackElo "1427"]

1. e4 e5 2. Nf3 Nc6 3. c3 Nf6 4. d3 h6 5. h3 d5 6. d4 dxe4 7. Nxe5 Nxe5 8. dxe5
Nd5 9. Bc4 c6 10. Nd2 Qg5 11. g3 e3 12. Ne4 Qd8 13. Qh5 g6 14. Qf3 f5 15. Nf6+
Nxf6 16. exf6 Qxf6 17. Qxe3+ Be7 18. O-O b5 19. Bb3 c5 20. Re1 c4 21. Bc2 h5 22.
g4 fxg4 23. Bxg6+ Kf8 24. Be4 Rg8 25. Bxa8 gxh3+ 26. Kh2 Bd6+ 27. Kh1 Kf7 28.
Qxa7+ Kg6 29. Be4+ Bf5 30. Rg1+ 1-0

[Event "Challenge"]
[Site "http://www.queenalice.com/game.php?id=1823821"]
[Date "2023.10.24"]
[Round "-"]
[White "naugard47"]
[Black "Wolle"]
[Result "0-1"]
[WhiteElo "1715"]
[BlackElo "1646"]

1. e4 e5 2. Nf3 Nc6 3. Bb5 Bc5 4. a3 Nf6 5. O-O Nxe4 6. d3 Nf6 7. b4 Be7 8. h3
O-O 9. Re1 d5 10. Bxc6 bxc6 11. Nxe5 Bb7 12. d4 Ne4 13. Be3 Ba6 14. Nxc6 Qd6 15.
Nxe7+ Qxe7 16. Qh5 Rad8 17. Qf3 c6 18. Bd2 h6 19. Qg4 Qf6 20. f3 Bc8 21. Qf4
Qxf4 22. Bxf4 Ng5 23. Nd2 Ne6 24. Nb3 Nxf4 25. Re3 Bf5 26. Rc1 g5 27. g4 Bg6 28.
Kh2 Rde8 29. Rxe8 Rxe8 30. Nc5 Re2+ 31. Kg1 Nxh3+ 32. Kf1 Rf2+ 33. Ke1 Bxc2 34.
f4 Rg2 0-1

[Event "Challenge"]
[Site "http://www.queenalice.com/game.php?id=1824823"]
[Date "2023.11.8"]
[Round "-"]
[White "Wolle"]
[Black "dosoldini"]
[Result "1-0"]
[WhiteElo "1665"]
[BlackElo "1501"]

1. e4 e5 2. Nf3 d5 3. Nc3 Nf6 4. d4 Bg4 5. h3 Bh5 6. Be2 Bb4 7. a3 Bxc3+ 8. bxc3
Nxe4 9. Bb2 c6 10. Nxe5 Qf6 11. O-O Bxe2 12. Qxe2 O-O 13. c4 Qg5 14. Bc1 Nc3 15.
Qe1 Qxc1 16. Rxc1 Ne4 17. cxd5 cxd5 18. c4 f6 19. Nf3 Nd7 20. cxd5 Rae8 21. Qb4
b6 22. Rc7 a5 23. Qb5 Rd8 24. Rxd7 Rxd7 25. Qxd7 h5 26. d6 Rf7 27. Qc6 1-0

[Event "Challenge"]
[Site "http://www.queenalice.com/game.php?id=1824915"]
[Date "2023.11.10"]
[Round "-"]
[White "Wolle"]
[Black "naugard47"]
[Result "0-1"]
[WhiteElo "1674"]
[BlackElo "1670"]

1. e4 e5 2. Nf3 Nc6 3. Bc4 Bb4 4. O-O Nf6 5. d3 O-O 6. c3 Bc5 7. Be3 Bb6 8. d4
exd4 9. cxd4 Nxe4 10. Re1 d5 11. Bb3 h6 12. Nc3 Be6 13. Ne5 Nxc3 14. bxc3 Ba5
15. Qd3 Qe8 16. Bc2 f5 17. g4 Nxe5 18. dxe5 g6 19. Bxh6 Rf7 20. Rab1 c6 21. h3
b5 22. a4 Rb8 23. Re2 a6 24. Qd4 Rfb7 25. Qc5 fxg4 26. hxg4 b4 27. Qxa5 b3 28.
Bd1 Bxg4 29. Reb2 Bxd1 30. Rxd1 Qxe5 31. Kf1 Qh5 32. Rdb1 Qxh6 33. c4 Qh3+ 34.
Ke2 Qg4+ 35. f3 Qxc4+ 0-1

[Event "Challenge"]
[Site "http://www.queenalice.com/game.php?id=1826424"]
[Date "2023.12.3"]
[Round "-"]
[White "naugard47"]
[Black "Wolle"]
[Result "0-1"]
[WhiteElo "1672"]
[BlackElo "1658"]

1. e4 e5 2. Nc3 Nf6 3. Bc4 c6 4. Nf3 d5 5. Bd3 d4 6. Na4 Bg4 7. h3 Bh5 8. g4 Bg6
9. Nxe5 Bxe4 10. f3 Bd5 11. c3 c5 12. cxd4 Bd6 13. Nxc5 Bxc5 14. dxc5 Qc7 15.
Bb5+ Nbd7 16. d4 Qa5+ 17. Qd2 Qxb5 18. Nxd7 Qxd7 19. Qe2+ Qe6 20. Qxe6+ Bxe6 21.
Kf2 Nd5 22. a3 O-O 23. Re1 h6 24. Bd2 b6 25. cxb6 axb6 26. b4 Rac8 27. Kg3 Rc2
28. Red1 b5 29. h4 f5 30. g5 h5 31. f4 g6 32. Kf3 Rfc8 33. Rac1 Ra2 34. Ra1 Nc3
35. Re1 Ne4 36. Rxa2 Bxa2 37. Ke3 Kf7 38. Rc1 Ra8 39. Rc7+ Ke6 40. Rc6+ Nd6 41.
Bc1 Kd7 42. Rc5 Re8+ 43. Kd3 Bc4+ 44. Kc3 Ne4+ 45. Kc2 Nxc5 46. bxc5 Kc6 0-1

[Event "Challenge"]
[Site "http://www.queenalice.com/game.php?id=1830951"]
[Date "2024.2.6"]
[Round "-"]
[White "Rasumichin"]
[Black "Wolle"]
[Result "1-0"]
[WhiteElo "1719"]
[BlackElo "1659"]

1. e4 e5 2. Nf3 Nc6 3. Bb5 a6 4. Bxc6 bxc6 5. Nxe5 Nf6 6. Nc3 d5 7. Nxc6 Qd6 8.
e5 Qxc6 9. exf6 d4 10. Ne2 Qxf6 11. d3 Bc5 12. Bf4 c6 13. Qd2 h6 14. c3 O-O 15.
c4 Re8 16. O-O Bg4 17. a3 Bxe2 18. Rfe1 Bg4 19. h3 Bf5 20. Re2 Rxe2 21. Qxe2 Bd7
22. Qf3 g5 23. b4 Bd6 24. Bxd6 Qxd6 25. c5 Qg6 26. Re1 g4 27. Qg3 a5 28. Qc7 Qf5
29. Qg3 Re8 30. Rxe8+ Bxe8 31. Qb8 Kf8 32. Qd6+ Kg7 33. Qxd4+ f6 34. bxa5 Qc8
35. Qxg4+ Qxg4 36. hxg4 Bd7 37. f3 Bc8 38. d4 Kg6 39. Kh2 Kg5 40. Kg3 f5 41.
gxf5 Kxf5 42. Kh4 Ke6 43. g4 Kd5 44. f4 Kxd4 45. f5 Kxc5 46. f6 Kd6 47. Kh5 Be6
48. Kxh6 1-0

[Event "Challenge"]
[Site "http://www.queenalice.com/game.php?id=1831962"]
[Date "2024.2.20"]
[Round "-"]
[White "Wolle"]
[Black "naugard47"]
[Result "0-1"]
[WhiteElo "1675"]
[BlackElo "1675"]

1. e4 e5 2. Nf3 Nc6 3. Bc4 Nf6 4. Nc3 h6 5. d4 exd4 6. Nxd4 Ne5 7. Be2 a6 8. O-O
Bc5 9. h3 O-O 10. Bf4 d6 11. Bc4 Nxc4 12. b3 Nb6 13. Qf3 Bxd4 14. Rad1 Bc5 15.
e5 Ne8 16. Ne4 Qe7 17. Qc3 Bf5 18. Rfe1 Qh4 19. Ng3 Qxf4 20. Re2 Qg5 21. Qf3 Bc8
22. exd6 Nxd6 23. Rde1 Bd7 24. c3 Bc6 25. Qf5 Nxf5 0-1

[Event "Challenge"]
[Site "http://www.queenalice.com/game.php?id=1833218"]
[Date "2024.3.11"]
[Round "-"]
[White "naugard47"]
[Black "Wolle"]
[Result "1-0"]
[WhiteElo "1669"]
[BlackElo "1645"]

1. e4 e5 2. c4 Nf6 3. Nc3 Nc6 4. Nf3 Bc5 5. Be2 a6 6. O-O O-O 7. a3 d6 8. b4 Ba7
9. b5 axb5 10. cxb5 Ne7 11. a4 Be6 12. h3 d5 13. exd5 Nexd5 14. Nxe5 Bd4 15. Nf3
Bb6 16. Ne5 Qd6 17. Nc4 Qc5 18. Ba3 Qd4 19. Bxf8 Nxc3 20. Qe1 Nxe2+ 21. Qxe2
Kxf8 22. Rac1 Bc5 23. Ne5 b6 24. Ra1 Bb3 25. Qe3 Bxa4 26. Nd3 Re8 27. Qxd4 Bxd4
28. Rxa4 Rd8 29. Rc1 Ne4 30. Rxc7 f5 31. Rcc4 Bc5 32. Nxc5 Nxc5 33. Ra2 Re8 34.
f3 Kf7 35. d4 Nb3 36. Rc7+ Re7 37. Rxe7+ Kxe7 38. Ra7+ Kf6 39. Rb7 Nxd4 40.
Rxb6+ Ke5 41. Rb8 Kd6 42. h4 Kc5 43. b6 Nc6 44. Rb7 g6 45. Rxh7 Kxb6 46. f4 Kc5
47. Rg7 Kd5 48. Rxg6 1-0

[Event "Challenge"]
[Site "http://www.queenalice.com/game.php?id=1835861"]
[Date "2024.4.28"]
[Round "-"]
[White "Wolle"]
[Black "naugard47"]
[Result "1-0"]
[WhiteElo "1639"]
[BlackElo "1755"]

1. d4 c6 2. e4 f6 3. Nf3 e6 4. Nc3 d5 5. e5 c5 6. Bf4 g5 7. Bg3 c4 8. a3 f5 9.
h3 f4 10. Bh2 Bd7 11. Be2 Nc6 12. b3 cxb3 13. cxb3 Na5 14. O-O Qb6 15. b4 Nc4
16. Ra2 O-O-O 17. Nxg5 Nh6 18. Bxf4 Be7 19. Bg4 Rdf8 20. Bc1 Nf5 21. Ne2 h6 22.
Nf3 Nh4 23. Nf4 Nf5 24. Ng6 Re8 25. Nxh8 Rxh8 26. Rc2 Ba4 27. Rxc4+ Kb8 28. Rc2
Bxc2 29. Qxc2 Nh4 30. Nxh4 Bxh4 31. Be3 h5 32. Bf3 Qc6 33. Qxc6 bxc6 34. Rc1 Kb7
35. g3 Bd8 36. g4 h4 37. Bd1 Be7 38. Ba4 Rc8 39. b5 Bxa3 40. bxc6+ Kb6 41. Rb1+
Ka5 42. Bb5 Be7 43. g5 Bd8 44. f4 a6 45. Bd2+ Kb6 46. Ba4+ Ka7 47. Rb7+ Ka8 48.
g6 Rb8 49. g7 1-0

[Event "Challenge"]
[Site "http://www.queenalice.com/game.php?id=1837139"]
[Date "2024.5.19"]
[Round "-"]
[White "Erlofabr"]
[Black "Wolle"]
[Result "0-1"]
[WhiteElo "1685"]
[BlackElo "1660"]

1. d4 d5 2. f4 e6 3. Nf3 c5 4. e3 Nf6 5. c4 Nc6 6. Nc3 Bd6 7. cxd5 exd5 8. Bb5
a6 9. Ba4 O-O 10. O-O Re8 11. Qd3 h6 12. dxc5 Bxc5 13. Re1 Bg4 14. Nh4 d4 15.
Bb3 dxc3 16. Qc4 cxb2 17. Bxb2 Bxe3+ 18. Kf1 Be6 19. Qc3 Bd4 20. Qc2 Bxb3 21.
Qxb3 b5 22. Rad1 Rxe1+ 23. Rxe1 Qd5 24. Bxd4 Qxd4 25. Ng6 Qd5 26. Ne7+ Nxe7 27.
Rxe7 Rc8 28. Qe3 Qxa2 29. h4 Rd8 30. Kg1 Rd1+ 31. Kh2 Ng4+ 32. Kg3 Nxe3 33. Rxe3
h5 34. Kf3 b4 35. Re2 b3 36. g4 Rf1+ 37. Ke3 b2 38. gxh5 Qa3+ 39. Ke4 b1=Q+ 40.
Ke5 Qb5+ 0-1

[Event "Challenge"]
[Site "http://www.queenalice.com/game.php?id=1839370"]
[Date "2024.6.28"]
[Round "-"]
[White "naugard47"]
[Black "Wolle"]
[Result "0-1"]
[WhiteElo "1766"]
[BlackElo "1687"]

1. e4 e5 2. Bc4 Nf6 3. Nc3 Bc5 4. Nf3 d6 5. O-O O-O 6. h3 h6 7. a3 c6 8. d4 exd4
9. Nxd4 d5 10. Bb3 dxe4 11. Be3 b6 12. Bc4 Nbd7 13. Nxc6 Qe8 14. Bxc5 Nxc5 15.
Nd4 Qe5 16. f4 Qe7 17. Ncb5 Ba6 18. b4 Ne6 19. Nf5 Qd7 20. Ne3 Rfd8 21. Qxd7
Rxd7 22. Rad1 Rxd1 23. Nxd1 Bxb5 24. Bxb5 Nd4 25. Ba6 Nxc2 26. Nc3 Rd8 27. a4
Nxb4 28. Bb7 Kf8 29. Nxe4 Rd7 30. Bc8 Rc7 31. Bf5 Nbd5 32. Nxf6 Nxf6 33. Kh2 a5
34. Rd1 Rc4 35. Rd6 Rxf4 36. Bc2 Rb4 37. Bd1 Ne4 38. Rc6 f5 39. Bc2 Ke7 40. Rc7+
Kf6 41. Rc6+ Kg5 42. g3 Nc5 43. Bd1 f4 44. h4+ Kf5 45. g4+ Ke5 46. Kg2 Nxa4 47.
Rc7 g5 0-1

[Event "Challenge"]
[Site "http://www.queenalice.com/game.php?id=1841551"]
[Date "2024.8.7"]
[Round "-"]
[White "naugard47"]
[Black "Wolle"]
[Result "0-1"]
[WhiteElo "1758"]
[BlackElo "1706"]

1. f4 Nf6 2. c4 d5 3. c5 e6 4. d4 Nc6 5. Nf3 b6 6. e3 bxc5 7. Bb5 Bd7 8. Ne5
Nxe5 9. Bxd7+ Nexd7 10. O-O Bd6 11. Nc3 c6 12. Re1 O-O 13. a3 Qb8 14. b3 Nb6 15.
a4 a5 16. Ba3 c4 17. Bc5 cxb3 18. Qxb3 Bxc5 19. dxc5 Nbd7 20. Qa3 Qb4 21. Rec1
Qxa3 22. Rxa3 Nxc5 23. h3 h6 24. Rd1 g5 25. fxg5 hxg5 26. Ne2 Rab8 27. Nd4 Rfc8
28. Rc1 Nfe4 29. Nf3 Rb3 30. Raa1 Rb4 31. Rf1 Rxa4 32. Rxa4 Nxa4 0-1

[Event "Challenge"]
[Site "http://www.queenalice.com/game.php?id=1843110"]
[Date "2024.9.4"]
[Round "-"]
[White "Wolle"]
[Black "naugard47"]
[Result "1-0"]
[WhiteElo "1728"]
[BlackElo "1740"]

1. d4 d5 2. Nf3 Bf5 3. Nc3 Nf6 4. e3 Nc6 5. Bb5 a6 6. Ba4 Qd7 7. a3 O-O-O 8. Ng5
e6 9. Bxc6 bxc6 10. h3 h6 11. Nf3 Bd6 12. O-O Kb8 13. b4 Ka7 14. Rb1 Rb8 15. Re1
Ne4 16. Rb3 Rb7 17. Nh4 Nxc3 18. Rxc3 Be4 19. f3 Bg3 20. fxe4 Bxh4 21. Rf1 dxe4
22. Rf4 Bg3 23. Rg4 Qd6 24. Rxg7 Bh4 25. Qg4 Qg3 26. Qxg3 Bxg3 27. Rxg3 Rb6 28.
Rg7 Rf8 29. Rc5 f5 30. Rxc7+ Kb8 31. R7xc6 Kb7 32. Rxb6+ Kxb6 33. c4 Ra8 34. Re5
Re8 35. d5 Kc7 36. Rxe6 Rxe6 37. dxe6 Kd6 38. Kf2 Kxe6 39. Bb2 h5 40. b5 1-0

[Event "Challenge"]
[Site "http://www.queenalice.com/game.php?id=1846904"]
[Date "2024.11.8"]
[Round "-"]
[White "Rasumichin"]
[Black "Wolle"]
[Result "0-1"]
[WhiteElo "1691"]
[BlackElo "1746"]

1. e4 e5 2. Nf3 Nc6 3. Bb5 Nf6 4. Nc3 a6 5. Bc4 Bc5 6. d3 h6 7. Qe2 O-O 8. h3
Na5 9. Nxe5 Nxc4 10. Nxc4 d5 11. Ne5 dxe4 12. dxe4 Re8 13. Qc4 Rxe5 14. Bf4 Rh5
15. Rd1 Qe7 16. e5 b6 17. O-O Nd7 18. Nd5 Qe6 19. Rfe1 c6 20. Ne3 Nxe5 21. Qe4
Nd7 22. Qxe6 fxe6 23. Ng4 Kf7 24. c3 Rd5 25. Bd2 a5 26. c4 Rd4 27. b3 Bb4 28.
Re2 Nc5 29. Ne5+ Kf6 30. Bg5+ Kf5 31. Rxd4 Bc3 32. Rf4+ Kxg5 33. Rg4+ Kf5 34.
Nxc6 Bb7 35. Re5+ Bxe5 36. Ne7+ Kf6 37. Ng6 h5 38. Nxe5 hxg4 39. Nxg4+ Kg5 40.
Ne5 Be4 41. Nf7+ Kf5 42. Nd6+ Kf4 43. Kh2 Bb1 44. Nb5 Bxa2 45. Nd4 Bxb3 46. Ne2+
Ke5 47. f4+ Ke4 48. Ng3+ Kxf4 49. Nh5+ Ke3 50. Nxg7 a4 0-1

[Event "Challenge"]
[Site "http://www.queenalice.com/game.php?id=1849321"]
[Date "2024.12.23"]
[Round "-"]
[White "zmanomega"]
[Black "Wolle"]
[Result "0-1"]
[WhiteElo "1641"]
[BlackElo "1760"]

1. e4 e5 2. Bc4 Nf6 3. d3 d5 4. exd5 Nxd5 5. Nf3 Nc6 6. Nc3 Nf6 7. Ng5 Bg4 8.
Qd2 Bh5 9. f3 h6 10. Nxf7 Bxf7 11. Bxf7+ Kxf7 12. O-O Bc5+ 13. Kh1 Re8 14. f4 a6
15. h3 Qd4 16. Ne2 Qd7 17. b4 Bxb4 18. Qd1 Bc5 19. Ng3 Nd4 20. c3 Nf5 21. Nxf5
Qxf5 22. Rf3 e4 23. dxe4 Rxe4 24. Qb3+ Kg6 25. Rg3+ Kh7 26. Qf7 Re7 27. Qc4 Bf2
28. Rf3 Re1+ 29. Kh2 Bg1+ 30. Kh1 Nh5 31. a4 Be3+ 32. Kh2 Rxc1 33. Rf1 Rxa1 34.
Rxa1 Qxf4+ 0-1

[Event "Challenge"]
[Site "http://www.queenalice.com/game.php?id=1849322"]
[Date "2024.12.23"]
[Round "-"]
[White "Wolle"]
[Black "zmanomega"]
[Result "0-1"]
[WhiteElo "1771"]
[BlackElo "1630"]

1. d4 d5 2. Nf3 f6 3. Nc3 e6 4. e4 Bb4 5. a3 Bxc3+ 6. bxc3 Nc6 7. e5 h6 8. Bb5
Bd7 9. c4 dxc4 10. Bxc4 f5 11. O-O g5 12. h3 Na5 13. Ba2 g4 14. hxg4 fxg4 15.
Ne1 h5 16. Bf4 Qh4 17. Bg3 Qg5 18. Nd3 h4 19. Bf4 Qf5 20. f3 g3 21. Qd2 O-O-O
22. Qxa5 a6 23. Rfb1 Bc6 24. Kf1 Rxd4 25. Rb4 Rxb4 26. axb4 Nh6 27. Bc4 h3 28.
Bxg3 Ng4 29. Kg1 hxg2 30. Nf4 Rh1+ 31. Kxg2 Qxc2+ 32. Be2 Rxa1 33. Qxa1 Ne3+ 34.
Kf2 Nd5 35. Nxd5 Bxd5 36. Ke3 Qb3+ 37. Kf2 Qxb4 38. Qc1 c5 39. f4 Kd7 40. Bf3 c4
41. f5 Bxf3 42. Kxf3 Qb3+ 43. Qe3 exf5 44. Kf4 Ke6 45. Be1 Qxe3+ 46. Kxe3 Kxe5
47. Ba5 b5 48. Bb4 Kd5 49. Kf4 Kd4 50. Kxf5 c3 0-1